00476nam a2200133Ia 4500008004100000082001500041100003700056245014100093260003900234300001000273520001100283650002800294700002000322230907s9999||||xx |||||||||||||| ||und|| a621.3bISH aMuhammad Ishaq Khan(00000171533) 0aEnergy and Exergy Analysis of Automotive Vehicles in Pakistan-Evaluation of Waste Heat Recovery Potential to Drive Parasitic Loads / aUSPCAS-E, NUST,bIslamabad :c2019 a76 p. aTH-140 aMS-TEE Thesis MS Thesis aDr. Adeel Javed